书目信息 |
| 书名: | THE ART OF THE POSSIBLE | |
| 作者: | ALEXANDRA STODDARD | |
| 分册号: | ||
| 分册名: | 出版地: | New York |
|
| 出版社: | AVON BOOKS | |
| 出版时间: | 2010 | |
| 页数: | 251p | |
| 开本: | 20cm | |
| 丛书名: | ||
| 中图分类号: | ||
| 科图分类号: | ||
| 其他分类号: | I712.55 | |
| 主题词: | ||
| 电子资源: | ||
| 000 | 00541nam0 2200193 450 | |
| 001 | 052012180751 | |
| 005 | 20121112083849.0 | |
| 008 | 20021229d1997 em y0chiy0121 ea | |
| 020 | @a978-0-380-72618-9@c$12.50 | |
| 041 | @aeng | |
| 091 | @aI712.55 | |
| 099 | @dI712.55@eA379 | |
| 100 | @aThe Path from Perfectionism to Balance and Freedom | |
| 245 | 10 | @aTHE ART OF THE POSSIBLE@cALEXANDRA STODDARD |
| 260 | @aNew York@bAVON BOOKS@c2010 | |
| 300 | @a251p@c20cm | |
| 521 | @aTHE ART OF THE POSSIBLE | |
| 905 | @b11034 | |
| 905 | @aTSG@dI712.55@eA379 | |
| THE ART OF THE POSSIBLE / ALEXANDRA STODDARD.-New York : AVON BOOKS , 2010 |
| 251p ; 20cm |
| THE ART OF THE POSSIBLE |
| ISBN 978-0-380-72618-9$12.50 |
| ● |
| 相关链接 |
|
|
|
正题名:THE ART OF THE POSSIBLE
索取号:I712.55/A379
 
预约/预借
| 序号 | 登录号 | 条形码 | 馆藏地/架位号 | 状态 | 备注 |